| 000 | 02063nam a2200349 a 4500 | ||
|---|---|---|---|
| 001 | ebr10674880 | ||
| 003 | CaPaEBR | ||
| 006 | m u | ||
| 007 | cr cn||||||||| | ||
| 008 | 100331s2010 nyua sb 001 0 eng d | ||
| 010 | _z 2010014110 | ||
| 020 | _z9781616689575 (hardcover) | ||
| 020 | _z9781617283390 (e-book) | ||
| 040 |
_aCaPaEBR _cCaPaEBR |
||
| 035 | _a(OCoLC)793206745 | ||
| 050 | 1 | 4 |
_aQP606.T44 _bT447 2010eb |
| 082 | 0 | 4 |
_a616.99/40642 _222 |
| 245 | 0 | 0 |
_aTelomerase _h[electronic resource] : _bcomposition, functions and clinical implications / _cAiden N. Gagnon, [editor]. |
| 260 |
_aNew York : _bNova Science Publishers, Inc., _cc2010. |
||
| 300 |
_axi, 159 p. : _bill. (some col.). |
||
| 490 | 1 | _aDNA--properties and modifications, functions and interactions, recombination and applications | |
| 500 | _a"Nova biomedical." | ||
| 504 | _aIncludes bibliographical references and index. | ||
| 505 | 0 | _aTelomerase beyond telomeres : new roles for an old enzyme / Gabriele Saretzki -- Telomerase and telomeric proteins : a life beyond telomeres / Ilaria Chiodi, Cristina Belgiovine, Chiara Mondello -- Histone deacetylase inhibition as an anticancer telomerase-targeting strategy / Ruman Rahman -- Telomerase role in pituitary adenomas / A. Ortiz-Plata -- Regulations of telomerase activity and WRN gene expression / Fumiaki Uchiumi, Yoshikazu Higami, Sei-ichi Tanuma -- Telomerase and telomere dynamics in cancer : clinical application for cancer diagnosis / Eiso Hiyama, Keiko Hiyama. | |
| 533 |
_aElectronic reproduction. _bPalo Alto, Calif. : _cebrary, _d2013. _nAvailable via World Wide Web. _nAccess may be limited to ebrary affiliated libraries. |
||
| 650 | 0 | _aTelomerase. | |
| 655 | 7 |
_aElectronic books. _2local |
|
| 700 | 1 | _aGagnon, Aiden N. | |
| 710 | 2 | _aebrary, Inc. | |
| 830 | 0 | _aDNA--properties and modifications, functions and interactions, recombination and applications series. | |
| 856 | 4 | 0 |
_uhttp://site.ebrary.com/lib/rucke/Doc?id=10674880 _zAn electronic book accessible through the World Wide Web; click to view |
| 999 |
_c57293 _d57293 |
||